Sổ tay thủy khí động lực học ứng dụng

Nội dung bao gồm: bài tập thuỷ khí động lực học ứng dụng, các loại đường ống và các thiết bị trên đường ống...

Αποθηκεύτηκε σε:
Λεπτομέρειες βιβλιογραφικής εγγραφής
Κύριος συγγραφέας: Hoàng, Bá Chư
Μορφή: Βιβλίο
Γλώσσα:Undetermined
Έκδοση: Hà Nội Khoa học Kỹ thuật 2006
Θέματα:
Ετικέτες: Προσθήκη ετικέτας
Δεν υπάρχουν, Καταχωρήστε ετικέτα πρώτοι!
Thư viện lưu trữ: Trung tâm Học liệu Trường Đại học Cần Thơ
LEADER 00771nam a2200205Ia 4500
001 CTU_106682
008 210402s9999 xx 000 0 und d
020 |c 79000 
082 |a 620.1064 
082 |b Ch550 
100 |a Hoàng, Bá Chư 
245 0 |a Sổ tay thủy khí động lực học ứng dụng 
245 0 |c Hoàng Bá Chư 
260 |a Hà Nội 
260 |b Khoa học Kỹ thuật 
260 |c 2006 
520 |a Nội dung bao gồm: bài tập thuỷ khí động lực học ứng dụng, các loại đường ống và các thiết bị trên đường ống... 
650 |a Hydrodynamics 
904 |i Năm, Q. Hiếu (sửa) 
980 |a Trung tâm Học liệu Trường Đại học Cần Thơ